Tribhuvan University Central Library

Unique's mathematics (Record no. 98088)

MARC details
000 -LEADER
fixed length control field 00569nam a22002177a 4500
008 - FIXED-LENGTH DATA ELEMENTS--GENERAL INFORMATION
fixed length control field 210202b xxu||||| |||| 00| 0 eng d
020 ## - INTERNATIONAL STANDARD BOOK NUMBER
International Standard Book Number 9789937528061
082 ## - DEWEY DECIMAL CLASSIFICATION NUMBER
Classification number 510/Aw14u
100 ## - MAIN ENTRY--PERSONAL NAME
Personal name Awasthi, Ramesh pd.
245 ## - TITLE STATEMENT
Title Unique's mathematics
260 ## - PUBLICATION, DISTRIBUTION, ETC.
Place of publication, distribution, etc. Kathmandu:
Name of publisher, distributor, etc. Unique Education Publication,
Date of publication, distribution, etc. 2009.
300 ## - PHYSICAL DESCRIPTION
Extent 288p. ;illus
650 ## - SUBJECT ADDED ENTRY--TOPICAL TERM
Topical term or geographic name entry element Mathematics
650 ## - SUBJECT ADDED ENTRY--TOPICAL TERM
Topical term or geographic name entry element Arithmetic
9 (RLIN) 8058
650 ## - SUBJECT ADDED ENTRY--TOPICAL TERM
Topical term or geographic name entry element Statistics
650 ## - SUBJECT ADDED ENTRY--TOPICAL TERM
Topical term or geographic name entry element Algebra
700 ## - ADDED ENTRY--PERSONAL NAME
Personal name Subedi, Bishnu
700 ## - ADDED ENTRY--PERSONAL NAME
Personal name Subedi, Buddi bdr.
700 ## - ADDED ENTRY--PERSONAL NAME
Personal name Timalsena, Thakur
942 ## - ADDED ENTRY ELEMENTS (KOHA)
Source of classification or shelving scheme Dewey Decimal Classification
Koha item type ISBN
Holdings
Withdrawn status Lost status Source of classification or shelving scheme Damaged status Not for loan Home library Current library Date acquired Total Checkouts Full call number Barcode Date last seen Price effective from Koha item type
    Dewey Decimal Classification     Tribhuvan University Central Library Tribhuvan University Central Library 02/02/2021   510/Aw14u IS18858 02/02/2021 02/02/2021 ISBN